000 00711nam a2200205Ia 4500
003 OSt
005 20230531114821.0
008 210423s2011 xx 000 0 und d
020 _a978-81-908722-2-5
040 _cAL
041 _aeng
082 _a323.34 PUTG
100 _aPUTHENKALAM (John Joseph);THENADIKULAM (George Joseph)
_9117815
245 _aGender democracy and development: dynamics of the political participation of tribal women in India
260 _aKerala
_bLoyola Publications
_c2011
300 _a250
_bPB
650 _aCivil & Political Rights
_9117816
906 _ademocracy ; development: ; dynamics ; Gender ; India ; participation ; political ; tribal ; women
942 _2ddc
_cBK
999 _c176411
_d176411